000 00644nam a2200205 a 4500
005 20140310183611.0
008 120825s19uu xx 00 eng d
020 _a9780470602188
050 _aHF 5415
_b.B667 2010
100 _aBrinckeroff, Peter C.
245 _aMission based marketing :
_bpositioning your not for profit in an increasingly competitive world. /
250 _a3rd ed.
260 _aNew Jersey :
_bJohn Wiley & Sons, Inc,
_c2010.
300 _axiii, 242 p. :
_bill. ;
_c24 cm.
500 _aIncludes index.
521 _aBSBA
650 _anonprofit organizations
_xMarketing
942 _cBK
_2lcc
_kFOR
999 _c25235
_d25235